Ambulance 2022 / directed by Michael Bay ; produced by Michael Bay, Bradley J. Fischer, Ian Bryce, William Sherak, James Vanderbilt. (Record no. 20979)

000 -LEADER
fixed length control field 01065nam a22002897a 4500
008 - FIXED-LENGTH DATA ELEMENTS--GENERAL INFORMATION
fixed length control field 250529b xxu||||| |||| 00| 0 eng d
040 ## - CATALOGING SOURCE
Original cataloging agency Cagayan State University
Description conventions RDA
082 ## - DEWEY DECIMAL CLASSIFICATION NUMBER
Classification number 791.4372
Item number A497 2022
245 ## - TITLE STATEMENT
Title Ambulance 2022 / directed by Michael Bay ; produced by Michael Bay, Bradley J. Fischer, Ian Bryce, William Sherak, James Vanderbilt.
260 ## - PUBLICATION, DISTRIBUTION, ETC. (IMPRINT)
Place of publication, distribution, etc United States :
Name of publisher, distributor, etc Universal Pictures,
Date of publication, distribution, etc 2022.
300 ## - PHYSICAL DESCRIPTION
Extent 1 videofile, (ca. 136 mins.) :
Other physical details sound, color.
520 ## - SUMMARY, ETC.
Summary, etc Two robbers steal an ambulance after their heist goes awry.
521 ## - TARGET AUDIENCE NOTE
Target audience note Rated R for intense violence, bloody images and language throughout.
546 ## - LANGUAGE NOTE
Language note English.
650 ## - SUBJECT ADDED ENTRY--TOPICAL TERM
Topical term or geographic name as entry element Action.
650 ## - SUBJECT ADDED ENTRY--TOPICAL TERM
Topical term or geographic name as entry element Crime.
650 ## - SUBJECT ADDED ENTRY--TOPICAL TERM
Topical term or geographic name as entry element Drama.
650 ## - SUBJECT ADDED ENTRY--TOPICAL TERM
Topical term or geographic name as entry element Thriller.
700 ## - ADDED ENTRY--PERSONAL NAME
Personal name Gyllenhaal, Jake, star.
700 ## - ADDED ENTRY--PERSONAL NAME
Personal name Abdul-Mateen II, Yahya, star.
700 ## - ADDED ENTRY--PERSONAL NAME
Personal name Gonzalez, Eiza, star.
700 ## - ADDED ENTRY--PERSONAL NAME
Personal name De Angelis, Roberto, cinematographer.
700 ## - ADDED ENTRY--PERSONAL NAME
Personal name Scalia, Pietro, editor.
700 ## - ADDED ENTRY--PERSONAL NAME
Personal name Brandt, Doug, editor.
700 ## - ADDED ENTRY--PERSONAL NAME
Personal name Wimmer, Calvin, editor.
942 ## - ADDED ENTRY ELEMENTS (KOHA)
Source of classification or shelving scheme
Item type Audio-Visual Materials
Holdings
Source of acquisition Price effective from Permanent location Date last seen Not for loan Date acquired Source of classification or shelving scheme Koha item type Collection code Shelving location Damaged status Lost status Withdrawn status Current location Full call number
Donation2025-05-29Cagayan State University - Carig Library2025-05-29 2025-05-29 Audio-Visual MaterialsElectronic Media CenterElectronic Media Center   Cagayan State University - Carig Library791.4372 A497 2022

Cagayan State University University Library, Carig Campus
Tuguegarao City, Cagayan 3500 | www.csucarig.edu.ph

Powered by Koha